000 00536nam a22001817a 4500
008 260611b |||||||| |||| 00| 0 eng d
050 _aRB 111
_b.K86 2018
100 _a Kumar Vinay
245 _aRobbins Basic Pathology /
_cVinay Kumar...[et al.].
250 _a10th ed.
260 _aPhiladephia :
_bElsevier,
_c2018.
300 _axiv, 935p. :
_bill. ;
_c25cm.
500 _aIncludes index
650 _aPathology.
700 _aAbbas Abul K.
700 _aAster Jon C.
942 _2lcc
_cBOOKS
_hRB 111 .K86 2018
999 _c32513
_d32513